| 000 | 00607nam a2200193Ia 4500 | ||
|---|---|---|---|
| 008 | 151121s9999||||xx |||||||||||||| ||und|| | ||
| 082 | _a813/अकोळ | ||
| 082 | _bHNW-115800 | ||
| 100 | _aअकोळकर अविनाश | ||
| 245 | _aतिरस्कार | ||
| 260 | _bअभिनंदन प्रकाशन कोल्हापूर | ||
| 260 | _c2014 | ||
| 300 | _a260 | ||
| 600 | _aअकोळकर अविनाश | ||
| 630 | _aतिरस्कार | ||
| 700 | _aअकोळकर अविनाश | ||
| 730 | _aतिरस्कार | ||
| 942 | _cBOOK | ||
| 999 |
_c1264498 _d1264495 |
||